000 00829nam a2200253Ia 4500
003 GCL
008 140319s9999 xx 000 0 ara d
040 _aGCL /
_cGCL
082 0 4 _aد
_b050
_bو م
100 1 _aالهيئة العامة للاستعلامات
245 1 0 _aمبارك والمشروع القومى المصرى /
_cالهيئة العامة للاستعلامات
260 _a[S.N] :
_bالهيئة المصرية العامة للكتاب ،
_c1993
300 _a189 ص
490 _aموسوعه السنه
_v0
650 0 4 _aمصر
650 0 4 _aالاقتصاد
650 0 4 _aالمجتمع
650 0 4 _aالديمقراطية
650 0 4 _aالعلاقات الخارجية
650 0 4 _aالثقافة
650 0 4 _aحسنى مبارك
650 0 4 _aالمشروعات
942 _2ddc
_cCF
999 _c27465
_d27465